Prepare for another slump (Record no. 63671)
[ view plain ]
| 000 -LEADER | |
|---|---|
| fixed length control field | 00798cam a2200193 4500 |
| 001 - CONTROL NUMBER | |
| control field | WB3622-15 |
| 008 - FIXED-LENGTH DATA ELEMENTS--GENERAL INFORMATION | |
| fixed length control field | 000000n2000 000 0 eng u |
| 035 ## - SYSTEM CONTROL NUMBER | |
| System control number | (Sirsi) u106311 |
| 245 ## - TITLE STATEMENT | |
| Title | Prepare for another slump |
| 260 ## - PUBLICATION, DISTRIBUTION, ETC. | |
| Date of publication, distribution, etc. | 2000 |
| 490 ## - SERIES STATEMENT | |
| Series statement | Sunday Business |
| Volume/sequential designation | 4 June 2000, 22(1) |
| 520 ## - SUMMARY, ETC. | |
| Summary, etc. | House prices after rising steadily are now set for a fall. For example, in London house price inflation which has shown a rise of over 30% over the past year using the Halifax index is likely to be substantially lower over the next year. Compares the present sitiuation with a decade ago. + chart |
| 590 ## - LOCAL NOTE (RLIN) | |
| Local note | WB |
| 650 ## - SUBJECT ADDED ENTRY--TOPICAL TERM | |
| Topical term or geographic name entry element | HOUSE PRICES |
| 650 ## - SUBJECT ADDED ENTRY--TOPICAL TERM | |
| Topical term or geographic name entry element | HOUSE MARKET |
| 650 ## - SUBJECT ADDED ENTRY--TOPICAL TERM | |
| Topical term or geographic name entry element | HOUSE PRICE INFLATION |
| 690 ## - LOCAL SUBJECT ADDED ENTRY--TOPICAL TERM (OCLC, RLIN) | |
| Topical term or geographic name as entry element | PROPERTY-RESIDENTIAL PROPERTY-RESIDENTIAL PROPERTY MARKET |
| 942 ## - ADDED ENTRY ELEMENTS (KOHA) | |
| Suppress in OPAC | 0 |
| Withdrawn status | Lost status | Source of classification or shelving scheme | Damaged status | Not for loan | Home library | Current library | Shelving location | Date acquired | Total Checkouts | Full call number | Barcode | Date last seen | Copy number | Price effective from | Koha item type |
|---|---|---|---|---|---|---|---|---|---|---|---|---|---|---|---|
| Dewey Decimal Classification | London | London | Journal article | 08/06/2000 | WB3622-15 | 106311-1001 | 06/08/2019 | 1 | 06/08/2019 | Journal article |